00888nam a22002537a 450000500170000000800410001701000100005801100100006803500110007809000100008910000410009924500970014026000370023730000400027450200940031459000370040859000410044559000410048659000420052790100070056990500290057691100120060599900170061720220329143244.0070926d2007 mx a r 00110 spa d a94015 a94987 a105590 aTesis1 aHernández Soriano, Ángel.95464510aPropagación in vitro del viejito (Cephalocereus senilis)c/por Ángel Hernández Soriano aMéxico, D.F.bEl autor,c2007. a44 h. ;bilus. ; gráfs. ; cudros. aTesis (Ing. Biotecnologo) -- IPN. Unidad Profecional Interdiciplinaria de Biotecnología aALEPHb10c20130110lUCH01h1519 aBATCH-UPDb10c20130410lUCH01h0231 aBATCH-UPDb10c20130914lUCH01h1611 aCONVERSIONb10c20130109lUCH01h1352 aBK aMayto Villalobos Santana aProceso c94015d94015